000 00437nam a2200181Ia 4500
001 2108
005 20260306143818.0
008 260306t2017||||xx |||||||||||||| ||spa||
041 _aESP
082 _a612.82
_bC264
100 _aCohen, Mike X.
_eAUT
245 0 _aMATLAB for brain and cognitive scientists
260 _c2017
300 _axvi, 554 páginas :
_c23 cm.
650 _aGEN
654 _aCET
942 _cLIB
_dJUS
_fJUS
_2ddc
_n
999 _c2108
_d2108